000 01004nam0a22002291i 4500
001 rc\239260
005 20240726001807.0
035 _a(NLR Aleph) 005483049
090 _a5137001
_c5137001
100 _a20030307d1990 u |0rusy50 ca
101 0 _arus
102 _aRU
105 _ay |||||||||
200 1 _aСоциальная роль и деятельность церкви в период подготовки Великого Октября и защиты его завоеваний, 1917-1920 гг.
_e(На материалах юга Украины)
_eАвтореф. дис. на соиск. учен. степ. канд. ист. наук
_e(07.00.02)
_fОдес. гос. ун-т им. И.И. Мечникова
210 _aОдесса
_d1990
215 _a18 с.
320 _aБиблиогр.: с. 18 (5 назв.)
700 1 _aСтати
_bЛ.Д.
_gЛюдмила Дмитриевна
801 0 _aRU
_bNLR
_gpsbo
801 1 _aRU
_bELAR
_2rusmarc
852 _aNLR
_jА90/20144
942 _cBOOK